The Works of Archimedes

Saved in:
書目詳細資料
主要作者: Archimides
其他作者: Heath, Thomas Sir (Translator)
格式: 未知
語言:英语
出版: California, USA: Snowball Publishing, 2009
主題:
標簽: 添加標簽
沒有標簽, 成為第一個標記此記錄!

MARC

LEADER 00000 a2200000 4500
003 CL-VaPUC
005 20231107113448.0
008 211125b2009 ||||| |||| 00| 0 eng d
999 |c 433594  |d 433592 
020 |a 9781607961840 
040 |c Pontificia Universidad Católica de Valparaíso 
082 |a 510 ARQ 2009 
100 1 |a Archimides  |9 865002 
245 1 4 |a The Works of Archimedes 
260 |a California, USA:  |b Snowball Publishing,   |c 2009 
300 |a 326 páginas  
583 |k GC  |c 20211125 
650 0 |a Matemática  |z Grecia  |9 260235 
650 0 |a Geometría   |9 264063  |y hasta 1800 
700 |a Heath, Thomas Sir  |e translator   |9 865003 
942 |2 ddc  |c BK 
952 |0 0  |1 0  |2 ddc  |4 0  |6 510_000000000000000_ARC_2009  |7 0  |8 A  |9 579385  |a BIBCUR  |b BIBCUR  |d 2021-11-25  |e 74  |g 22642.00  |i 5627303  |o 510 ARC 2009  |p 5627303  |r 2025-04-22  |t 1  |v 22642.00  |w 2021-11-25  |y BK  |k FIS 
952 |0 0  |1 0  |2 ddc  |4 0  |6 510_000000000000000_ARC_2009  |7 0  |8 A  |9 582282  |a BIBCUR  |b BIBCUR  |c GEN  |d 2022-03-30  |e 74  |g 30136.00  |i 5650498  |o 510 ARC 2009  |p 5650498  |r 2025-04-22  |t 2  |v 30136.00  |w 2022-03-30  |y BK  |k FIS 
952 |0 0  |1 0  |2 ddc  |4 0  |6 510_000000000000000_ARC_2009  |7 0  |8 A  |9 582283  |a BIBCUR  |b BIBCUR  |c GEN  |d 2022-03-30  |e 74  |g 30136.00  |i 5650499  |o 510 ARC 2009  |p 5650499  |r 2025-04-22  |t 3  |v 30136.00  |w 2022-03-30  |y BK  |k FIS 
952 |0 0  |1 0  |2 ddc  |4 0  |6 510_000000000000000_ARC_2009  |7 0  |8 A  |9 592292  |a BIBCUR  |b BIBCUR  |c GEN  |d 2023-11-07  |e 3  |g 25171.00  |i 5659340  |o 510 ARC 2009  |p 5659340  |r 2025-04-22  |t 4  |v 25171.00  |w 2023-11-07  |y BK  |k FIS 
952 |0 0  |1 0  |2 ddc  |4 0  |6 510_000000000000000_ARC_2009  |7 0  |8 A  |9 592294  |a BIBCUR  |b BIBCUR  |c GEN  |d 2023-11-07  |e 3  |g 25171.00  |i 5659341  |o 510 ARC 2009  |p 5659341  |r 2025-04-22  |t 5  |v 25171.00  |w 2023-11-07  |y BK  |k FIS